000 01052cad a22002175a 4500
001 L153695
008 110817s2010 xxk f 000 0 eng d
035 _a(Sirsi) u153695
041 0 _aeng
050 0 4 _a346.41043 $2 18
110 2 _aUnited Kingdom
_bLand Registry
_94774
245 0 0 _aOverriding interests and their disclosure
_h[electronic resource]
260 _a[S.l]
_bLand Registry
_c2010
490 _aLand Registry Practice Guide
_v(15)
520 _aDescribes the law relating to overriding interests and how it has changed under the Land Registration Act 2002. This includes what they are, when you have to disclose them and what happens to some of them if they have not been registered within 10 years.
650 2 4 _aLAND REGISTRATION ACT 2002
651 4 _aEngland and Wales
_y1543-
690 _aPROPERTY-PROPERTY ACQUISITION AND DISPOSAL-REGISTRATION OF TITLE TO PROPERTY-LAND REGISTRATION
856 4 0 _uhttps://www.landreg.gov.uk/upload/documents/pg15.html
_zView this document free of charge at www.landreg.gov.uk
942 _n0
999 _c112652
_d112652